[Event "Muensterland Regionalliga 2526"]
[Site "Germany"]
[Date "2025.09.27"]
[Round "2"]
[Board "3"]
[White "Langhanke, Guenther"]
[Black "Koch, Alexander"]
[Result "0-1"]
[WhiteElo "1868"]
[BlackElo "2006"]
[WhiteFideId "-1"]
[BlackFideId "-1"]
[PlyCount "50"]
[GameId "2227731678629928"]
[EventDate "2025.??.??"]
[EventType "team-tourn"]
[EventRounds "9"]
[EventCountry "GER"]
[SourceTitle "Verband Muensterland"]
[SourceDate "2025.09.21"]
[SourceVersion "1"]
[SourceVersionDate "2025.09.21"]
[SourceQuality "1"]
[WhiteTeam "Rheine Klein Berlin"]
[BlackTeam "Metelen"]
[WhiteTeamCountry "GER"]
[BlackTeamCountry "GER"]

1. e4 c5 2. Nc3 e6 3. f4 Nc6 4. Nf3 d5 5. exd5 exd5 6. Bb5 a6 7. Bxc6+ bxc6 8. O-O Bd6 9. d3 Ne7 10. b3 O-O 11. Nh4 Nf5 12. Nxf5 Bxf5 13. Qf3 Re8 14. Bd2 Qf6 15. Rae1 h6 16. Na4 c4 17. bxc4 dxc4 18. Bc3 Qg6 19. Rxe8+ Rxe8 20. Qxc6 Re2 21. Rf2 Rxf2 22. Kxf2 cxd3 23. cxd3 Bxd3 24. Be5 Bxe5 25. Qxg6 Bd4+ 0-1

[Event "Muensterland Regionalliga 2526"]
[Site "Germany"]
[Date "2025.09.27"]
[Round "2"]
[Board "4"]
[White "Grotenhuis, Gerard"]
[Black "Van Dijk, Guido"]
[Result "0-1"]
[WhiteElo "1741"]
[BlackElo "1816"]
[WhiteFideId "-1"]
[BlackFideId "-1"]
[PlyCount "60"]
[GameId "2228493469479104"]
[EventDate "2025.??.??"]
[EventType "team-tourn"]
[EventRounds "9"]
[EventCountry "GER"]
[SourceTitle "Verband Muensterland"]
[SourceDate "2025.09.21"]
[SourceVersion "1"]
[SourceVersionDate "2025.09.21"]
[SourceQuality "1"]
[WhiteTeam "Metelen"]
[BlackTeam "Rheine Klein Berlin"]
[WhiteTeamCountry "GER"]
[BlackTeamCountry "GER"]

1. b3 d5 2. Bb2 Nf6 3. e3 Bf5 4. Ne2 e6 5. Ng3 Bg6 6. Nc3 a6 7. Be2 c5 8. d4 cxd4 9. exd4 Nc6 10. O-O Bd6 11. f4 Qc7 12. Qd2 Nxd4 13. Kh1 Nxe2 14. Qxe2 Bxf4 15. Rf3 Bxg3 16. Rxg3 O-O 17. Rf1 Rfd8 18. Qf2 d4 19. Rxg6 hxg6 20. Ne2 e5 21. c4 Ng4 22. Qh4 Ne3 23. Rf3 Nf5 24. Qf2 e4 25. Rh3 e3 26. Qg1 d3 27. Nc3 Qe5 28. Nd1 Qa5 29. g4 e2 30. Nc3 Qe5 0-1

[Event "Muensterland Regionalliga 2526"]
[Site "Germany"]
[Date "2025.09.27"]
[Round "2"]
[Board "5"]
[White "Germann, Norbert"]
[Black "Zachej, Arne"]
[Result "1/2-1/2"]
[WhiteElo "1777"]
[BlackElo "1835"]
[WhiteFideId "-1"]
[BlackFideId "-1"]
[PlyCount "73"]
[GameId "2227737815277613"]
[EventDate "2025.??.??"]
[EventType "team-tourn"]
[EventRounds "9"]
[EventCountry "GER"]
[SourceTitle "Verband Muensterland"]
[SourceDate "2025.09.21"]
[SourceVersion "1"]
[SourceVersionDate "2025.09.21"]
[SourceQuality "1"]
[WhiteTeam "Rheine Klein Berlin"]
[BlackTeam "Metelen"]
[WhiteTeamCountry "GER"]
[BlackTeamCountry "GER"]

1. d4 Nf6 2. c4 e6 3. Nc3 d5 4. cxd5 exd5 5. Bg5 c6 6. e3 Bf5 7. Qb3 Qb6 8. Bxf6 Qxb3 9. axb3 gxf6 10. Rc1 Nd7 11. f3 Bh6 12. Kf2 O-O 13. g4 Be6 14. Bd3 Rfe8 15. Nge2 Bxg4 16. fxg4 Bxe3+ 17. Kg2 Bxc1 18. Rxc1 Re3 19. Bf5 Nf8 20. Rf1 Ng6 21. Ng3 Nh4+ 22. Kf2 Nxf5 23. Nxf5 Re6 24. Ne2 Rae8 25. Nf4 Re4 26. Kf3 Re1 27. Rf2 Rd1 28. Nh5 Re6 29. Nf4 Ree1 30. Rc2 Rf1+ 31. Kg3 Rc1 32. Rd2 Rfe1 33. Rf2 a5 34. Nh5 Re6 35. Nf4 Re4 36. h3 Rd1 37. Kh4 1/2-1/2

[Event "Muensterland Regionalliga 2526"]
[Site "Germany"]
[Date "2025.09.27"]
[Round "2"]
[Board "6"]
[White "Wigger, Frank"]
[Black "Hemmert, Michael"]
[Result "1-0"]
[WhiteElo "1911"]
[BlackElo "1751"]
[WhiteFideId "-1"]
[BlackFideId "-1"]
[PlyCount "25"]
[GameId "2227740527534136"]
[EventDate "2025.??.??"]
[EventType "team-tourn"]
[EventRounds "9"]
[EventCountry "GER"]
[SourceTitle "Verband Muensterland"]
[SourceDate "2025.09.21"]
[SourceVersion "1"]
[SourceVersionDate "2025.09.21"]
[SourceQuality "1"]
[WhiteTeam "Metelen"]
[BlackTeam "Rheine Klein Berlin"]
[WhiteTeamCountry "GER"]
[BlackTeamCountry "GER"]

1. e4 g6 2. d4 Bg7 3. Nc3 d6 4. Be3 Nf6 5. Qd2 Ng4 6. Bg5 h6 7. Bh4 g5 8. Bg3 e5 9. Nf3 c6 10. O-O-O Qf6 11. dxe5 Nxe5 12. Nxe5 dxe5 13. Bxe5 1-0

[Event "Muensterland Regionalliga 2526"]
[Site "Germany"]
[Date "2025.09.27"]
[Round "2"]
[Board "7"]
[White "Horstmann, Michael"]
[Black "Bueckers, Bernhard"]
[Result "1-0"]
[WhiteElo "1672"]
[BlackElo "1698"]
[WhiteFideId "-1"]
[BlackFideId "-1"]
[PlyCount "73"]
[GameId "2227741349498944"]
[EventDate "2025.??.??"]
[EventType "team-tourn"]
[EventRounds "9"]
[EventCountry "GER"]
[SourceTitle "Verband Muensterland"]
[SourceDate "2025.09.21"]
[SourceVersion "1"]
[SourceVersionDate "2025.09.21"]
[SourceQuality "1"]
[WhiteTeam "Rheine Klein Berlin"]
[BlackTeam "Metelen"]
[WhiteTeamCountry "GER"]
[BlackTeamCountry "GER"]

1. d4 d5 2. Nc3 Nf6 3. Bf4 e6 4. Nb5 Bd6 5. Nxd6+ cxd6 6. e3 Nc6 7. Nf3 O-O 8. c3 h6 9. h3 Re8 10. Bb5 a6 11. Bxc6 bxc6 12. O-O Qc7 13. Qa4 Nd7 14. Rfe1 e5 15. Bg3 Rb8 16. Qc2 Nf6 17. Nd2 Qd7 18. dxe5 dxe5 19. Rad1 Bb7 20. Nc4 Qc7 21. Nd2 Rbd8 22. c4 Qe7 23. Nf3 Nd7 24. Qc3 f6 25. b4 Nb6 26. c5 Nd7 27. Qc2 Qf7 28. Nh4 Nf8 29. Nf5 Qg6 30. e4 d4 31. Nd6 Re7 32. Qa4 Rb8 33. Rd3 Rc7 34. Bh2 Ne6 35. Qb3 Re7 36. Rg3 Qh5 37. Nf5 1-0

[Event "Muensterland Regionalliga 2526"]
[Site "Germany"]
[Date "2025.09.27"]
[Round "2"]
[Board "8"]
[White "Gravenkoetter, Christian"]
[Black "Winter, Reinhold"]
[Result "1/2-1/2"]
[WhiteElo "1658"]
[BlackElo "1549"]
[WhiteFideId "-1"]
[BlackFideId "-1"]
[PlyCount "46"]
[GameId "2227743976337480"]
[EventDate "2025.??.??"]
[EventType "team-tourn"]
[EventRounds "9"]
[EventCountry "GER"]
[SourceTitle "Verband Muensterland"]
[SourceDate "2025.09.21"]
[SourceVersion "1"]
[SourceVersionDate "2025.09.21"]
[SourceQuality "1"]
[WhiteTeam "Metelen"]
[BlackTeam "Rheine Klein Berlin"]
[WhiteTeamCountry "GER"]
[BlackTeamCountry "GER"]

1. e4 e6 2. d4 d5 3. exd5 exd5 4. Nf3 Nf6 5. Bd3 Be7 6. O-O O-O 7. Ne5 Nbd7 8. f4 c5 9. Nxd7 Bxd7 10. Be3 c4 11. Be2 Ne4 12. Nd2 f5 13. Nxe4 fxe4 14. Bg4 b5 15. c3 Qc8 16. Bxd7 Qxd7 17. b4 a5 18. a3 a4 19. Rf2 Ra6 20. g3 Qh3 21. Qf1 Qh5 22. Qe2 Qh3 23. Qf1 Qh5 1/2-1/2

[Event "Muensterland Regionalliga 2526"]
[Site "Germany"]
[Date "2025.09.27"]
[Round "2"]
[Board "1"]
[White "Kamphuis, Jasper"]
[Black "Schulze Ameling, Hendrik"]
[Result "1-0"]
[WhiteElo "2102"]
[BlackElo "1996"]
[WhiteFideId "-1"]
[BlackFideId "-1"]
[PlyCount "63"]
[GameId "2095106920076468"]
[EventDate "2025.??.??"]
[EventType "team-tourn"]
[EventRounds "9"]
[EventCountry "GER"]
[SourceTitle "Verband Muensterland"]
[SourceDate "2025.09.21"]
[SourceVersion "1"]
[SourceVersionDate "2025.09.21"]
[SourceQuality "1"]
[WhiteTeam "Gronau"]
[BlackTeam "Ahaus Wessum"]
[WhiteTeamCountry "GER"]
[BlackTeamCountry "GER"]

1. e4 e6 2. d4 d5 3. Nc3 h6 4. f4 dxe4 5. Nxe4 Nf6 6. Bd3 Be7 7. Nf3 Nc6 8. c3 Qd5 9. Qe2 Bd7 10. Bd2 Qh5 11. Ng3 Qa5 12. a4 Qb6 13. b4 a5 14. b5 Na7 15. Ne5 Nc8 16. O-O c5 17. bxc6 bxc6 18. f5 Qa7 19. fxe6 Bxe6 20. Nxc6 Qc7 21. Nxe7 Nxe7 22. Bb5+ Kf8 23. c4 h5 24. d5 h4 25. Ne4 Bg4 26. Qf2 Nexd5 27. Ng5 Ne7 28. Be3 Rh6 29. Rae1 Qa7 30. Bd4 Qc7 31. Bb6 Qb7 32. Rxe7 1-0

[Event "Muensterland Regionalliga 2526"]
[Site "Germany"]
[Date "2025.09.27"]
[Round "2"]
[Board "2"]
[White "Diehlmann, Christian"]
[Black "Monsma, Menno"]
[Result "1/2-1/2"]
[WhiteElo "1979"]
[BlackElo "2091"]
[WhiteFideId "-1"]
[BlackFideId "-1"]
[PlyCount "110"]
[GameId "2095107169440957"]
[EventDate "2025.??.??"]
[EventType "team-tourn"]
[EventRounds "9"]
[EventCountry "GER"]
[SourceTitle "Verband Muensterland"]
[SourceDate "2025.09.21"]
[SourceVersion "1"]
[SourceVersionDate "2025.09.21"]
[SourceQuality "1"]
[WhiteTeam "Ahaus Wessum"]
[BlackTeam "Gronau"]
[WhiteTeamCountry "GER"]
[BlackTeamCountry "GER"]

1. d4 Nf6 2. Nf3 g6 3. c4 Bg7 4. Nc3 O-O 5. e3 d5 6. Be2 c5 7. O-O cxd4 8. Nxd4 dxc4 9. Bxc4 Qc7 10. Qb3 a6 11. Bd2 b5 12. Bd5 Bb7 13. Rac1 Qd7 14. Bxb7 Qxb7 15. a4 e5 16. Nf3 Nbd7 17. axb5 Rab8 18. Na4 axb5 19. Nc5 Nxc5 20. Rxc5 Ne4 21. Rd5 Nxd2 22. Rxd2 Rfd8 23. Rfd1 Rxd2 24. Rxd2 Rc8 25. Qd1 Qc7 26. g3 h6 27. Rd5 b4 28. Rd7 Qc2 29. Qd5 Qc4 30. Nxe5 Bxe5 31. Qxe5 Qc1+ 32. Kg2 Qc6+ 33. Rd5 Re8 34. Qd4 f5 35. Kh3 g5 36. Rxf5 Re4 37. Qd5+ Qxd5 38. Rxd5 Rc4 39. Rb5 Rc2 40. Rxb4 Rxf2 41. Rb6 Kg7 42. b4 h5 43. Rc6 Rb2 44. Rb6 Re2 45. b5 Rxe3 46. Rc6 Re2 47. g4 h4 48. b6 Rb2 49. Rc7+ Kg6 50. b7 Kh6 51. Rc6+ Kg7 52. Rc7+ Kh6 53. Rc6+ Kg7 54. Rc5 Kg6 55. Rc7 Kh6 1/2-1/2

[Event "Muensterland Regionalliga 2526"]
[Site "Germany"]
[Date "2025.09.27"]
[Round "2"]
[Board "3"]
[White "Reckzuegel, Philipp"]
[Black "Rosing, Hermann"]
[Result "1/2-1/2"]
[WhiteElo "1998"]
[BlackElo "1982"]
[WhiteFideId "-1"]
[BlackFideId "-1"]
[PlyCount "84"]
[GameId "2095107233178822"]
[EventDate "2025.??.??"]
[EventType "team-tourn"]
[EventRounds "9"]
[EventCountry "GER"]
[SourceTitle "Verband Muensterland"]
[SourceDate "2025.09.21"]
[SourceVersion "1"]
[SourceVersionDate "2025.09.21"]
[SourceQuality "1"]
[WhiteTeam "Gronau"]
[BlackTeam "Ahaus Wessum"]
[WhiteTeamCountry "GER"]
[BlackTeamCountry "GER"]

1. d4 Nf6 2. c4 c5 3. d5 e6 4. Nc3 exd5 5. cxd5 d6 6. e4 g6 7. Nf3 Bg7 8. Bd3 O-O 9. O-O a6 10. a4 Bg4 11. h3 Bxf3 12. Qxf3 Nbd7 13. Bf4 Qc7 14. Rac1 Rfe8 15. Rfe1 Nh5 16. Bh2 Be5 17. Qe3 Bd4 18. Qd2 Ne5 19. Bf1 Qa5 20. Qc2 Qd8 21. Ne2 Qg5 22. Nxd4 cxd4 23. Kh1 Rac8 24. Qd1 Rc5 25. Rxc5 dxc5 26. f4 Nxf4 27. Qc1 Ned3 28. Bxf4 Nxf4 29. Qxc5 Qg3 30. Qc1 Nxd5 31. Rd1 Rxe4 32. Qc8+ Kg7 33. Qxb7 Re1 34. Rxe1 Qxe1 35. Qxa6 Ne3 36. Kg1 Nxf1 37. Qxf1 Qb4 38. Qb5 Qe1+ 39. Kh2 Qe3 40. Qc5 Qf4+ 41. Kg1 Qe3+ 42. Kh1 Qf4 1/2-1/2

[Event "Muensterland Regionalliga 2526"]
[Site "Germany"]
[Date "2025.09.27"]
[Round "2"]
[Board "4"]
[White "Ter Horst, Carsten"]
[Black "Hoge, Torsten"]
[Result "1-0"]
[WhiteElo "1873"]
[BlackElo "1931"]
[WhiteFideId "-1"]
[BlackFideId "-1"]
[PlyCount "115"]
[GameId "2095107319190735"]
[EventDate "2025.??.??"]
[EventType "team-tourn"]
[EventRounds "9"]
[EventCountry "GER"]
[SourceTitle "Verband Muensterland"]
[SourceDate "2025.09.21"]
[SourceVersion "1"]
[SourceVersionDate "2025.09.21"]
[SourceQuality "1"]
[WhiteTeam "Ahaus Wessum"]
[BlackTeam "Gronau"]
[WhiteTeamCountry "GER"]
[BlackTeamCountry "GER"]

1. e4 e6 2. d4 d5 3. Nd2 Nc6 4. c3 e5 5. exd5 Qxd5 6. Ngf3 exd4 7. Bc4 Qf5 8. cxd4 Be6 9. O-O O-O-O 10. Qa4 Kb8 11. Re1 Bd5 12. a3 Nge7 13. Bf1 f6 14. b4 Nc8 15. b5 N6e7 16. Bb2 g5 17. Rec1 Ng6 18. Qc2 Qxc2 19. Rxc2 Bd6 20. g3 Rhe8 21. Re1 Rxe1 22. Nxe1 Nb6 23. Bd3 Re8 24. Ng2 Nf8 25. Ne3 Bg8 26. Ne4 Be7 27. Nf5 Bd8 28. f3 Nfd7 29. Kf2 Nd5 30. Nc5 N7b6 31. Re2 Rxe2+ 32. Kxe2 Bf7 33. a4 Nc8 34. Nd7+ Ka8 35. Nh6 Bg6 36. Bxg6 hxg6 37. Nf8 Nd6 38. Nxg6 c6 39. bxc6 bxc6 40. Ng4 Nc4 41. Bc1 Nd6 42. h4 Nf5 43. Kf2 gxh4 44. gxh4 Ng7 45. Bd2 Bb6 46. Nf4 Bxd4+ 47. Ke2 Kb7 48. Kd3 Bb2 49. Nxd5 cxd5 50. Bc3 Bxc3 51. Kxc3 Nh5 52. Kd4 Kc6 53. Ne3 Nf4 54. Nf5 Ne6+ 55. Ke3 Kc5 56. h5 d4+ 57. Kd2 Kd5 58. h6 1-0

[Event "Muensterland Regionalliga 2526"]
[Site "Germany"]
[Date "2025.09.27"]
[Round "2"]
[Board "5"]
[White "Luetkehermoelle, Martin"]
[Black "Ciobotaru, Andrei Rares"]
[Result "1-0"]
[WhiteElo "1927"]
[BlackElo "1703"]
[WhiteFideId "-1"]
[BlackFideId "-1"]
[PlyCount "107"]
[GameId "2095107403830488"]
[EventDate "2025.??.??"]
[EventType "team-tourn"]
[EventRounds "9"]
[EventCountry "GER"]
[SourceTitle "Verband Muensterland"]
[SourceDate "2025.09.21"]
[SourceVersion "1"]
[SourceVersionDate "2025.09.21"]
[SourceQuality "1"]
[WhiteTeam "Gronau"]
[BlackTeam "Ahaus Wessum"]
[WhiteTeamCountry "GER"]
[BlackTeamCountry "GER"]

1. e4 c6 2. d4 d5 3. e5 c5 4. c3 Nc6 5. Nf3 cxd4 6. cxd4 Bg4 7. Be2 e6 8. Nbd2 Nge7 9. h3 Bxf3 10. Nxf3 Nf5 11. O-O Be7 12. g4 Nh4 13. Nxh4 Bxh4 14. Be3 O-O 15. Bd3 Rc8 16. f4 f6 17. g5 Nb4 18. Bxh7+ Kxh7 19. Qh5+ Kg8 20. g6 Rf7 21. gxf7+ Kf8 22. Qxh4 Nc2 23. Rae1 Nxe1 24. Qh8+ Kxf7 25. Qxd8 Rxd8 26. Rxe1 Rc8 27. Rc1 Rxc1+ 28. Bxc1 fxe5 29. fxe5 Kg6 30. Kf2 Kf5 31. Kf3 a6 32. Bd2 b6 33. a3 b5 34. Ba5 g5 35. Bd8 Kg6 36. Kg4 Kf7 37. Kxg5 Ke8 38. Bf6 Kd7 39. h4 Kc6 40. h5 a5 41. h6 b4 42. h7 bxa3 43. bxa3 Kb5 44. h8=Q Ka4 45. Qh3 Kb5 46. Qc3 Ka4 47. Bd8 Kb5 48. Qxa5+ Kc4 49. Qb4+ Kd3 50. Kf4 Ke2 51. Qc3 Kd1 52. Qb2 Ke1 53. Ke3 Kf1 54. Qf2# 1-0

[Event "Muensterland Regionalliga 2526"]
[Site "Germany"]
[Date "2025.09.27"]
[Round "2"]
[Board "6"]
[White "Tenhuendfeld, Bernd"]
[Black "Langendijk, Andre"]
[Result "1-0"]
[WhiteElo "1776"]
[BlackElo "1859"]
[WhiteFideId "-1"]
[BlackFideId "-1"]
[PlyCount "65"]
[GameId "2095107464140001"]
[EventDate "2025.??.??"]
[EventType "team-tourn"]
[EventRounds "9"]
[EventCountry "GER"]
[SourceTitle "Verband Muensterland"]
[SourceDate "2025.09.21"]
[SourceVersion "1"]
[SourceVersionDate "2025.09.21"]
[SourceQuality "1"]
[WhiteTeam "Ahaus Wessum"]
[BlackTeam "Gronau"]
[WhiteTeamCountry "GER"]
[BlackTeamCountry "GER"]

1. d4 d5 2. c4 c5 3. Nc3 Nf6 4. cxd5 Nxd5 5. e4 Nxc3 6. bxc3 g6 7. Nf3 Bg7 8. h3 O-O 9. Be2 Qa5 10. Bd2 Nc6 11. O-O b6 12. Qb3 Bb7 13. Rad1 cxd4 14. cxd4 Qh5 15. d5 Ne5 16. Nd4 Qh4 17. f4 Nd7 18. Be1 Qh6 19. Bb5 Nc5 20. Qf3 Rad8 21. Nc6 Bxc6 22. Bxc6 f5 23. e5 g5 24. Bg3 Ne4 25. Bh2 Kh8 26. Qa3 gxf4 27. Bxf4 Qh4 28. Qxa7 Rg8 29. Qxb6 Bh6 30. Qe3 Ng5 31. Kh2 Rb8 32. e6 Rb4 33. Qc3+ 1-0

[Event "Muensterland Regionalliga 2526"]
[Site "Germany"]
[Date "2025.09.27"]
[Round "2"]
[Board "7"]
[White "Rothkegel, Juergen"]
[Black "Resing, Marvin"]
[Result "0-1"]
[WhiteElo "1880"]
[BlackElo "1779"]
[WhiteFideId "-1"]
[BlackFideId "-1"]
[PlyCount "64"]
[GameId "2095107553645802"]
[EventDate "2025.??.??"]
[EventType "team-tourn"]
[EventRounds "9"]
[EventCountry "GER"]
[SourceTitle "Verband Muensterland"]
[SourceDate "2025.09.21"]
[SourceVersion "1"]
[SourceVersionDate "2025.09.21"]
[SourceQuality "1"]
[WhiteTeam "Gronau"]
[BlackTeam "Ahaus Wessum"]
[WhiteTeamCountry "GER"]
[BlackTeamCountry "GER"]

1. e4 c5 2. Nf3 d6 3. d4 cxd4 4. Nxd4 Nf6 5. Nc3 a6 6. Bg5 e6 7. f4 Be7 8. Qf3 Qc7 9. O-O-O Nbd7 10. g4 b5 11. Bxf6 Bxf6 12. g5 Bxd4 13. Rxd4 Bb7 14. Bg2 O-O 15. Rhd1 Rac8 16. Qe2 Nc5 17. h4 e5 18. Rxd6 b4 19. Nd5 Bxd5 20. R6xd5 b3 21. axb3 Nxb3+ 22. Kb1 Nd4 23. Qd2 Qb6 24. Rxe5 Nxc2 25. Qd6 Qb3 26. Rd3 Qa4 27. Rc5 Rxc5 28. Qxc5 Nb4 29. Rd4 Qa2+ 30. Kc1 Qa1+ 31. Kd2 Qxb2+ 32. Ke3 Nc2+ 0-1

[Event "Muensterland Regionalliga 2526"]
[Site "Germany"]
[Date "2026.02.21"]
[Round "2"]
[Board "1"]
[White "Kipp, Lucas"]
[Black "Tuente, Marcel"]
[Result "1-0"]
[WhiteElo "2013"]
[BlackElo "1953"]
[WhiteFideId "-1"]
[BlackFideId "-1"]
[PlyCount "62"]
[GameId "2095106920076468"]
[EventDate "2025.??.??"]
[EventType "team-tourn"]
[EventRounds "9"]
[EventCountry "GER"]
[SourceTitle "Verband Muensterland"]
[SourceDate "2025.09.21"]
[SourceVersion "1"]
[SourceVersionDate "2025.09.21"]
[SourceQuality "1"]
[WhiteTeam "Saerbeck"]
[BlackTeam "Raesfeld Erle II"]
[WhiteTeamCountry "GER"]
[BlackTeamCountry "GER"]

1. c4 Nf6 2. Nc3 g6 3. g3 Bg7 4. Bg2 O-O 5. e4 d6 6. Nge2 e5 7. O-O Nc6 8. d3 Nd7 9. Be3 Nc5 10. d4 exd4 11. Nxd4 Ne5 12. b3 Re8 13. h3 a5 14. Qd2 Bd7 15. Rad1 a4 16. f4 Ned3 17. Ncb5 Bxb5 18. cxb5 a3 19. b4 Nb2 20. bxc5 dxc5 21. Nb3 Nxd1 22. Rxd1 c4 23. Nd4 Bxd4 24. Bxd4 c6 25. bxc6 bxc6 26. Qc2 Qa5 27. Qxc4 Red8 28. Rc1 Qd2 29. Bf6 Qe3+ 30. Kh2 Rd2 31. Rc3 Qf2 1-0

[Event "Muensterland Regionalliga 2526"]
[Site "Germany"]
[Date "2026.02.21"]
[Round "2"]
[Board "2"]
[White "Broemmel, Rudolf"]
[Black "Bartsch, Jan"]
[Result "1/2-1/2"]
[WhiteElo "1910"]
[BlackElo "1883"]
[WhiteFideId "-1"]
[BlackFideId "-1"]
[PlyCount "64"]
[GameId "2095107169440957"]
[EventDate "2025.??.??"]
[EventType "team-tourn"]
[EventRounds "9"]
[EventCountry "GER"]
[SourceTitle "Verband Muensterland"]
[SourceDate "2025.09.21"]
[SourceVersion "1"]
[SourceVersionDate "2025.09.21"]
[SourceQuality "1"]
[WhiteTeam "Raesfeld Erle II"]
[BlackTeam "Saerbeck"]
[WhiteTeamCountry "GER"]
[BlackTeamCountry "GER"]

1. Nc3 d5 2. e4 dxe4 3. Nxe4 Nf6 4. Nxf6+ exf6 5. d4 c6 6. Bc4 Bd6 7. Qe2+ Be7 8. Qd3 O-O 9. Ne2 Nd7 10. Bf4 b5 11. Bb3 a5 12. a4 bxa4 13. Bxa4 Ba6 14. Qd2 Nb6 15. Bxc6 Nc4 16. Qc1 Rc8 17. d5 g5 18. Bd2 Nxd2 19. Qxd2 Bb4 20. c3 Bxe2 21. Kxe2 Bc5 22. Rhd1 Qd6 23. g3 Rfd8 24. Qc2 Rc7 25. Kf1 Re7 26. Re1 Bb6 27. Rxe7 Qxe7 28. Re1 Qc5 29. Qf5 Kg7 30. Kg2 Bc7 31. Re4 Rb8 32. Re2 Bd6 1/2-1/2

[Event "Muensterland Regionalliga 2526"]
[Site "Germany"]
[Date "2026.02.21"]
[Round "2"]
[Board "3"]
[White "Waltermann, Jens"]
[Black "Terhart, Juergen"]
[Result "1/2-1/2"]
[WhiteElo "1812"]
[BlackElo "1851"]
[WhiteFideId "-1"]
[BlackFideId "-1"]
[PlyCount "27"]
[GameId "2095107233178822"]
[EventDate "2025.??.??"]
[EventType "team-tourn"]
[EventRounds "9"]
[EventCountry "GER"]
[SourceTitle "Verband Muensterland"]
[SourceDate "2025.09.21"]
[SourceVersion "1"]
[SourceVersionDate "2025.09.21"]
[SourceQuality "1"]
[WhiteTeam "Saerbeck"]
[BlackTeam "Raesfeld Erle II"]
[WhiteTeamCountry "GER"]
[BlackTeamCountry "GER"]

1. Nf3 d5 2. g3 Bf5 3. c4 dxc4 4. Qa4+ c6 5. Qxc4 e6 6. Nc3 Nf6 7. Bg2 Be7 8. O-O O-O 9. d3 Nbd7 10. h3 e5 11. Be3 Be6 12. Qa4 Nd5 13. Nxd5 Bxd5 14. Qc2 1/2-1/2

[Event "Muensterland Regionalliga 2526"]
[Site "Germany"]
[Date "2026.02.21"]
[Round "2"]
[Board "4"]
[White "Hoffmann, Fabian"]
[Black "Hoge, Reinhard"]
[Result "1-0"]
[WhiteElo "2009"]
[BlackElo "1854"]
[WhiteFideId "-1"]
[BlackFideId "-1"]
[PlyCount "69"]
[GameId "2095107319190735"]
[EventDate "2025.??.??"]
[EventType "team-tourn"]
[EventRounds "9"]
[EventCountry "GER"]
[SourceTitle "Verband Muensterland"]
[SourceDate "2025.09.21"]
[SourceVersion "1"]
[SourceVersionDate "2025.09.21"]
[SourceQuality "1"]
[WhiteTeam "Raesfeld Erle II"]
[BlackTeam "Saerbeck"]
[WhiteTeamCountry "GER"]
[BlackTeamCountry "GER"]

1. e4 c5 2. Nf3 Nc6 3. Bb5 Qc7 4. Nc3 a6 5. Nd5 Qd8 6. Be2 e6 7. Ne3 d6 8. d4 cxd4 9. Nxd4 Nf6 10. Nxc6 bxc6 11. Bf3 d5 12. exd5 exd5 13. c4 Bb4+ 14. Bd2 Qa5 15. Bxb4 Qxb4+ 16. Qd2 Qxd2+ 17. Kxd2 Be6 18. cxd5 cxd5 19. Rhd1 Rb8 20. b3 Ke7 21. Ke1 Rhd8 22. Rd4 Rbc8 23. Rad1 Rc5 24. b4 Rc3 25. Nxd5+ Bxd5 26. Bxd5 Nxd5 27. Rxd5 Rb8 28. Rb1 Rb5 29. Rxb5 axb5 30. Kd2 Ra3 31. Ra1 Kd6 32. Kc2 Kd5 33. Rd1+ Kc4 34. Kb2 Rc3 35. Rd7 1-0

[Event "Muensterland Regionalliga 2526"]
[Site "Germany"]
[Date "2026.02.21"]
[Round "2"]
[Board "5"]
[White "Bartsch, Rainer"]
[Black "Bergemann, Martin"]
[Result "1/2-1/2"]
[WhiteElo "1663"]
[BlackElo "1891"]
[WhiteFideId "-1"]
[BlackFideId "-1"]
[PlyCount "29"]
[GameId "2095107403830488"]
[EventDate "2025.??.??"]
[EventType "team-tourn"]
[EventRounds "9"]
[EventCountry "GER"]
[SourceTitle "Verband Muensterland"]
[SourceDate "2025.09.21"]
[SourceVersion "1"]
[SourceVersionDate "2025.09.21"]
[SourceQuality "1"]
[WhiteTeam "Saerbeck"]
[BlackTeam "Raesfeld Erle II"]
[WhiteTeamCountry "GER"]
[BlackTeamCountry "GER"]

1. d4 c5 2. d5 Nf6 3. Nc3 g6 4. e4 d6 5. h3 Bg7 6. Nf3 O-O 7. Be2 Na6 8. O-O Nc7 9. a4 b6 10. Nd2 e6 11. Nc4 exd5 12. exd5 Bb7 13. Bf3 Ba6 14. Be2 Bb7 15. Bf3 1/2-1/2

[Event "Muensterland Regionalliga 2526"]
[Site "Germany"]
[Date "2026.02.21"]
[Round "2"]
[Board "6"]
[White "Boelker, Franz"]
[Black "Menz, Robert"]
[Result "1/2-1/2"]
[WhiteElo "1805"]
[BlackElo "1650"]
[WhiteFideId "-1"]
[BlackFideId "-1"]
[PlyCount "63"]
[GameId "2095107464140001"]
[EventDate "2025.??.??"]
[EventType "team-tourn"]
[EventRounds "9"]
[EventCountry "GER"]
[SourceTitle "Verband Muensterland"]
[SourceDate "2025.09.21"]
[SourceVersion "1"]
[SourceVersionDate "2025.09.21"]
[SourceQuality "1"]
[WhiteTeam "Raesfeld Erle II"]
[BlackTeam "Saerbeck"]
[WhiteTeamCountry "GER"]
[BlackTeamCountry "GER"]

1. d4 f5 2. c4 Nf6 3. Nc3 e6 4. Bg5 Be7 5. Nf3 O-O 6. e3 b6 7. Be2 Bb7 8. O-O d5 9. a3 Nbd7 10. b4 c5 11. Qb3 Ne4 12. Bxe7 Qxe7 13. Rfd1 Ndf6 14. Ne5 Rab8 15. f3 Nxc3 16. Qxc3 Rfd8 17. bxc5 bxc5 18. Rab1 Ba8 19. Qa5 cxd4 20. exd4 dxc4 21. Bxc4 Nd5 22. Bxd5 Bxd5 23. Qa6 Rxb1 24. Rxb1 Qc7 25. Qd3 Rb8 26. Kf2 g5 27. Rxb8+ Qxb8 28. Qd2 h6 29. Qc3 Qb7 30. a4 Kg7 31. a5 a6 32. Nd3 1/2-1/2